| 000 | 00620nam a2200241Ia 4500 | ||
|---|---|---|---|
| 003 | OSt | ||
| 005 | 20220928122002.0 | ||
| 006 | a|||||r|||| 00| 0 | ||
| 007 | ta | ||
| 008 | 220927b |||||||| |||| 00| 0 eng d | ||
| 024 | _a44562 | ||
| 037 | _cTextual | ||
| 040 |
_aSDCL _cSDCL _beng |
||
| 041 |
_2eng _aeng |
||
| 082 | _aX652g, N5 | ||
| 100 | _aFabozzi Frank J | ||
| 245 | 0 | _aHandbook of mortgage backed securities. | |
| 250 | _a4 | ||
| 260 |
_aChicago _bProbus Publishing _c1995 |
||
| 300 |
_axiii,957p _ccm. |
||
| 942 |
_hX652g, N5 _cTEXL _2CC |
||
| 999 |
_c768969 _d768969 |
||